000 00457nam a22001697a 4500
005 20180206121238.0
008 160701b xxu||||| |||| 00| 0 eng d
020 _a978-81-775-8121-8
041 _aeng
082 _b20787
_a005.14
100 _aDesikan, Srinivasan and Ramesh, Gopalaswamy
_94097
245 _aSoftware testing: principles and practices
260 _bPearson
_c2013
300 _a480
650 _aInformation Technology
_9137
942 _cBK
999 _c5128
_d5126